| 000 | 00636 a2200193 4500 | ||
|---|---|---|---|
| 020 | _a0071116796 | ||
| 020 | _a9780071116794 | ||
| 090 |
_c3627 _d3627 |
||
| 100 | 1 | _aHaka, Williams. | |
| 245 | 1 | 0 |
_aFinancial accounting / _cWilliams Haka. |
| 250 | _a12Rev Ed ed. | ||
| 260 |
_a[S.l.] : _bMcGraw-Hill Education (ISE Editions), _c2005. |
||
| 300 | _a1 v. (unpaged) | ||
| 500 | _aImport. | ||
| 500 | _aPaperback. | ||
| 856 | 4 | 0 |
_3Amazon.com _uhttp://www.amazon.com/exec/obidos/ASIN/0071116796/chopaconline-20 |
| 856 | 4 | 0 |
_3Amazon customer reviews _uhttp://www.chopac.org/cgi-bin/tools/azrev.pl?q=0071116796 |
| 942 |
_aNBS _cBK _k657 WIL |
||
| 999 |
_c346095 _d346095 |
||